| 000 | 01171cam a22003851a 4500 | ||
|---|---|---|---|
| 001 | 5901410 | ||
| 003 | OSt | ||
| 005 | 20260129105706.0 | ||
| 008 | 900427s1834 enkaf 000 1 eng | ||
| 010 | _a 16019178 | ||
| 020 | _a014044274x | ||
| 035 | _a5901410 | ||
| 035 | _a(OCoLC)21438618 | ||
| 040 |
_aKABLIB _cKABLIB _dKABLIB |
||
| 041 | 1 |
_aeng _hita |
|
| 042 | _apremarc | ||
| 050 | 0 | 0 |
_aPQ4714 _b.A2 1834 |
| 082 |
_223 _a809.8 _bMAN |
||
| 100 | 1 |
_aManzoni, Alessandro, _d1785-1873. _914846 |
|
| 240 | 0 | 0 | _lEnglish |
| 245 | 1 | 4 |
_aThe betrothed / _cfrom the Italian of Alessandro Manzoni. |
| 260 |
_aEngland _bpenguine _c1972 |
||
| 300 |
_a719 p. : _c19 cm. |
||
| 336 |
_atext _btxt _2rdacontent |
||
| 337 |
_aunmediated _bn _2rdamedia |
||
| 338 |
_avolume _bnc _2rdacarrier |
||
| 440 | 0 |
_aStandard novels ; _vno. 43 _914847 |
|
| 500 | _aTranslation of: I promessi sposi. | ||
| 500 | _aAdded engraved t.p. | ||
| 510 | 4 |
_aWolff, R.L. 19th cent. fiction, _c4479a |
|
| 510 | 4 |
_aSadleir, M. 19th cent. fiction, _c3734a |
|
| 906 |
_a7 _bcbc _coclcrpl _du _encip _f19 _gy-gencatlg |
||
| 942 |
_2ddc _cBOOK |
||
| 999 |
_c5888 _d5888 |
||